000 01599cam a22003251a 4500
001 gs 53000072
003 DLC
005 20260227111359.0
008 800918s1952 dcuabf b f000 0 eng
010 _ags 53000072
035 _a(OCoLC)6724719
040 _aDLC
_cOkAdE
_dDNAL
_dOCoLC
_dDLC
042 _apremarc
050 0 0 _aTC801
_b.U2 no. 1138
070 0 _a407
_bG29W no.1138
100 1 _aGeorge, William O.
_q(William Owsley),
_d1892-
245 1 0 _aGeology and ground-water resources of Comal County, Texas /
_cby William O. George ; with sections on Surface-water runoff, by Seth D. Breeding, Chemical character of the water, by Warren W. Hastings.
260 _aWashington :
_bG.P.O.,
_c1952.
300 _avi, 126 p., [3] leaves of plates :
_bill., maps ;
_c24 cm.
440 0 _aGeological Survey water-supply paper ;
_v1138
500 _a"Prepared in cooperation with the Texas Board of Water Engineers."
500 _aThree folded maps in pocket.
501 _aWith: Kansas-Missouri floods of July 1951 / prepared by the Water Resources Division -- Geology and ground water resources of the Egbert-Pine Bluffs Carpenter Area Laramie County, Wyoming / by J. R. Rapp, D. A. Warner, and A. M. Morgan. Washington : Govt. Print. Off., 1952-1953. Bound together subsequent to publication.
_5DLC
504 _aIncludes bibliography (p. 72-73) and index.
650 0 _aGroundwater
_zTexas
_zComal County.
650 0 _aGeology
_zTexas
_zComal County.
650 0 _aWater-supply
_zTexas
_zComal County.
700 1 _aBreeding, Seth D.
_q(Seth Darnaby)
700 1 _aHastings, Warren W.
999 _c28711
_d28711